Welcome to the Holygrace Academy Library

Please use search bar below to get started

FRANCIS ITTIKKORA (Record no. 8569)

MARC details
000 -LEADER
fixed length control field 00619nam a22001457a 4500
082 ## - DEWEY DECIMAL CLASSIFICATION NUMBER
Classification number 894.812.3
Item number RAM/F
100 ## - MAIN ENTRY--AUTHOR NAME
Personal name RAMAKRISHNAN, T D
245 ## - TITLE STATEMENT
Title FRANCIS ITTIKKORA
246 ## - VARYING FORM OF TITLE
Title proper/short title FRANCIS ITTIKKORA
Remainder of title FRANCIS ITTIKKORA
260 ## - PUBLICATION, DISTRIBUTION, ETC. (IMPRINT)
Place of publication KOTTAYAM,INDIA
Name of publisher D C
Year of publication 2024
300 ## - PHYSICAL DESCRIPTION
Number of Pages 384
520 ## - SUMMARY, ETC.
Summary, etc Francis Itty Cora, A 15-th century pepper merchant from Kerala, is a larger-than-life figure-founder of a mysterious secret cult, a key figure in Italian Renaissance, responsible for setting up secret Hypatian Schools of Mathematics, a man of legendary sexual powers, and much more.
650 ## - SUBJECT ADDED ENTRY--TOPICAL TERM
Topical Term MALAYALAM NOVEL
942 ## - ADDED ENTRY ELEMENTS (KOHA)
Koha item type Books
Holdings
Withdrawn status Lost status Collection code Home library Current library Shelving location Date acquired Source of acquisition Cost, normal purchase price Full call number Accession Number Koha item type
    Fiction Main Library Main Library NEW SHELF WITH NEW ENTRY 07/03/2024 PURCHASED 450.00 894.812.3 RAM/F 13541 Books